• 首页
  • 本馆介绍
  • 公告通知
  • 最新文献
  • 馆藏检索
  • 电子资源
  • 读者导购
  • 参考咨询
  • 我的图书馆
  • 登录
  • 详细信息显示
  • 放入我的书架
  • 预约/预借图书
  • 作者相关作品
  • 分类相关作品
  • 丛书相关作品
  • 出版社相关作品

书目信息

  • 表格格式
  • 工作单格式
  • 卡片格式
书名: Tobacco
作者: B. C. Akehurst.
分册号:
分册名:
出版地: London and New York ;
 
出版社: Longman
出版时间: 1981.
页数: xiii, 764 p. :
开本: 23 cm.
丛书名: Tropical agriculture series
中图分类号:
科图分类号:
其他分类号: S572:H31
主题词:
电子资源:
000 00723cam 22000265i 45097
001 0296006169
005 20070509092542.93
008 800821m1981 u y a b 001 0
020    @a0582468175 :@c£38.50.
041    @aeng
050    @aSB273@b.A3 1981
082 04 @a633.7/1@219
090    @aS572
090    @aS572:H31
099    @dS572:H31@ex1
100 1  @aAkehurst@cB. C.
245 10 @aTobacco / @cB. C. Akehurst.
250    @a2d ed.
260 1  @aLondon and New York ;@aNew York :@bLongman,@c1981.
300    @axiii, 764 p. :@bill. ;@c23 cm.
440  0 @aTropical agriculture series
500    @aIncludes index.
504    @aBibliography: p. 688-736.
650  4 @aTobacco industry.
650  4 @aTobacco.
    
    Tobacco / / B. C. Akehurst.-2d ed.-London and New York ; ; New York : : Longman, , 1981.
    xiii, 764 p. : : ill. ; ; 23 cm.- (Tropical agriculture series )
    Includes index.-Bibliography: p. 688-736.
    
    ISBN 0582468175 :£38.50.
    
●
相关链接 在E读中查询图书 在五车中查询图书 在当当中查询图书 在豆瓣中查询图书


正题名:Tobacco     索取号:S572:H31/x1         预约/预借

序号 登录号 条形码 馆藏地/架位号 状态 备注
1 180587   000634175   第二样本阅览室/ [索取号:S572:H31/x1] 在馆    
2 180588   000634184   第四借阅区/ [索取号:S572:H31/x1] 在馆    
3 180589   000634193   第四借阅区/ [索取号:S572:H31/x1] 在馆    
唐山师范学院图书馆 欢迎您!
大连网信软件有限公司© 版权所有